The child's path to spoken language
Αποθηκεύτηκε σε:
| Κύριος συγγραφέας: | |
|---|---|
| Μορφή: | Βιβλίο |
| Γλώσσα: | English |
| Δημοσίευση: |
Cambridge, Massachusetts :
Harvard University Press,
1993
|
| Θέματα: | |
| Ετικέτες: |
Προσθήκη ετικέτας
Δεν υπάρχουν, Καταχωρήστε ετικέτα πρώτοι!
|
MARC
| LEADER | 00000nam a2200000 i 4500 | ||
|---|---|---|---|
| 001 | 1/96556 | ||
| 008 | 991215s1993 eng d | ||
| 020 | |a 0-674-11639-9 |c 13.50 | ||
| 035 | |l 10055807 | ||
| 040 | |a GR-MY-UA |b gre |e aacr | ||
| 041 | 0 | |a eng | |
| 082 | 0 | |a 401.93 | |
| 100 | 1 | |a Locke, John L. | |
| 245 | 1 | 4 | |a The child's path to spoken language / |c John L. Locke |
| 260 | |a Cambridge, Massachusetts : |b Harvard University Press, |c 1993 | ||
| 300 | |a x, 518 p.; |b ill.; |c 24 cm. | ||
| 650 | 0 | 0 | |a Language acquisition. |
| 650 | 0 | 0 | |a Biolinguistics. |
| 852 | |a INST |b RHODES |e 19991215 |h 401.93 LOC |p 005400012275 |q 005400012275 |t BK |y 0 | ||
| 901 | |a BIBL4-2000-1 | ||
| 909 | |a Ρ |b 068989 | ||
| 922 | |a 4ΕΛΗ |b 199909 |c ΚΠΣ/154 |d GLORY BOOKS | ||
| 950 | |a 154-1999-07-29 | ||
| 970 | |a ΚΟΥΛΑΚΙΟΤΗ |b ΛΙΤΣΑ |z 2000/01/18 | ||